000
00264nam a2200109Ia 4500
008
220204s9999 xx 000 0 und d
082
_a
632.9(035)
_b
PYE
100
_a
Pyenson, Louis
245
0
_a
Plant health handbook
260
_a
Westport
_b
AVI
_c
1981
942
_c
BK
999
_c
36856
_d
36856